Parliamentary reform 1933-1960; (Record no. 2314)

MARC details
000 -LEADER
fixed length control field 00936cam a22002531 4500
001 - CONTROL NUMBER
control field 6095325
003 - CONTROL NUMBER IDENTIFIER
control field OSt
005 - DATE AND TIME OF LATEST TRANSACTION
control field 20230621164548.0
008 - FIXED-LENGTH DATA ELEMENTS--GENERAL INFORMATION
fixed length control field 750203s1961 xx 000 0 eng
010 ## - LIBRARY OF CONGRESS CONTROL NUMBER
LC control number 61066188
015 ## - NATIONAL BIBLIOGRAPHY NUMBER
National bibliography number GB61-16849
035 ## - SYSTEM CONTROL NUMBER
System control number (OCoLC)1160007
040 ## - CATALOGING SOURCE
Original cataloging agency DLC
Transcribing agency OAU
Modifying agency Uk
-- DLC
082 ## - DEWEY DECIMAL CLASSIFICATION NUMBER
Classification number 328.42
Item number HAN
110 2# - MAIN ENTRY--CORPORATE NAME
Corporate name or jurisdiction name as entry element Hansard Society for Parliamentary Government.
245 10 - TITLE STATEMENT
Title Parliamentary reform 1933-1960;
Remainder of title a survey of suggested reforms.
260 ## - PUBLICATION, DISTRIBUTION, ETC. (IMPRINT)
Place of publication, distribution, etc. London,
Name of publisher, distributor, etc. Published for Hansard Society by Cassell
Date of publication, distribution, etc. [1961]
300 ## - PHYSICAL DESCRIPTION
Extent ix, 193 p.
Dimensions 22 cm.
500 ## - GENERAL NOTE
General note "[In 1959] a special edition of 500 copies in photostat form entitled Parliamentary reform 1933-1958--a survey of suggested reforms was ... produced."
504 ## - BIBLIOGRAPHY, ETC. NOTE
Bibliography, etc Bibliography: p. 181-184.
610 10 - SUBJECT ADDED ENTRY--CORPORATE NAME
Corporate name or jurisdiction name as entry element Great Britain.
Subordinate unit Parliament
General subdivision Reform
-- History
Chronological subdivision 20th century.
906 ## - LOCAL DATA ELEMENT F, LDF (RLIN)
a 7
b cbc
c oclcrpl
d u
e ncip
f 19
g y-gencatlg
942 ## - ADDED ENTRY ELEMENTS (KOHA)
Source of classification or shelving scheme Dewey Decimal Classification
Koha item type Books
Holdings
Withdrawn status Lost status Source of classification or shelving scheme Damaged status Not for loan Home library Current library Date acquired Total Checkouts Full call number Barcode Checked out Date last seen Price effective from Koha item type
    Dewey Decimal Classification     County Hall Archives County Hall Archives 06/21/2023   328.42 HAN 10001160 06/04/2019 06/21/2023 06/21/2023 Books
LIBRARY OPENING HOURS

When the Parliament is sitting: 8.00a.m - 7.00p.m or until the house adjourns
Mondays and Fridays and when the House is on Recess:  8.00a.m - 5.00p.m
Closed on Weekends and Public Holidays

Online Public Access Catalog (OPAC)
Website: http://www.parliament.go.ke
Bunge Library: https://libraryir.parliament.go.ke
Contact: library@parliament.go.ke | Tel no: (254-2)2221291 or 2848000 Ext 5043